Gaming Quiz

Random Gaming or Video Games Quiz

Video Game Before & After Blitz Quiz Stats

 Plays Quiz Updated Jun 1, 2013

Challenge
Share
Tweet
Embed
Score 0/14 Timer 01:30
2 Plays Today
Before Common Word % Correct
Left 4 _____Dead
95.4%
Super Mario _____World
93.2%
Asheron's _____Call
90.8%
Brain _____Age
82.6%
Dead _____Space
80.3%
Phantasy _____Star
74.5%
Kingdom _____Hearts
70.7%
Before Common Word % Correct
Double _____Dragon
56.3%
Perfect _____Dark
49.9%
No More _____Heroes
48.8%
America's _____Army
47.2%
Dragon _____Quest
31.4%
Parasite _____Eve
26.4%
Star _____Soldier
25.7%

You're not logged in!

Compare scores with friends on all Sporcle quizzes.
Join for Free
OR
Log In

You Might Also Like...

Show Comments

Extras

Top Quizzes Today


Score Distribution

Your Account Isn't Verified!

In order to create a playlist on Sporcle, you need to verify the email address you used during registration. Go to your Sporcle Settings to finish the process.

Report this User

Report this user for behavior that violates our Community Guidelines.

Details: